|
|
|
|
| LEADER |
00000nam0a2200000 4500 |
| 001 |
117622 |
| 005 |
20231031123843.0 |
| 035 |
|
|
|a (RuTPU)RU\TPU\book\127316
|
| 090 |
|
|
|a 117622
|
| 100 |
|
|
|a 20070605d1990 k y0rusy50 ca
|
| 101 |
0 |
|
|a rus
|
| 102 |
|
|
|a RU
|
| 105 |
|
|
|a a b 001zy
|
| 200 |
1 |
|
|a Периферийные устройства электронных вычислительных машин
|e каталог
|
| 205 |
|
|
|a 6-е изд.
|
| 210 |
|
|
|a Москва
|c НИИЭИР
|d 1990
|
| 215 |
|
|
|a 196 с.
|c ил.
|
| 225 |
1 |
|
|a Изделия радиопромышленности
|e изделия народнохозяйственного назначения
|
| 320 |
|
|
|a Справочник цен на периферийные устройства электронных вычислительных машин: с. 194-195
|
| 610 |
1 |
|
|a каталоги
|
| 610 |
1 |
|
|a изделия
|
| 610 |
1 |
|
|a средства автоматизации
|
| 610 |
1 |
|
|a электронные вычислительные машины
|
| 610 |
1 |
|
|a отображение информации
|
| 610 |
1 |
|
|a отображающие устройства
|
| 610 |
1 |
|
|a ввод-вывод
|
| 610 |
1 |
|
|a вводные устройства
|
| 610 |
1 |
|
|a текстовые документы
|
| 610 |
1 |
|
|a графические документы
|
| 610 |
1 |
|
|a терминалы
|
| 610 |
1 |
|
|a дисплеи
|
| 610 |
1 |
|
|a телеобработка
|
| 610 |
1 |
|
|a носители информации
|
| 610 |
1 |
|
|a накопители
|
| 610 |
1 |
|
|a запоминающие устройства
|
| 610 |
1 |
|
|a программное управление
|
| 610 |
1 |
|
|a сервисные средства
|
| 610 |
1 |
|
|a сервисные программы
|
| 610 |
1 |
|
|a цены
|
| 610 |
1 |
|
|a устройства
|
| 675 |
|
|
|a 621.396.6
|v 3
|
| 675 |
|
|
|a 681.3.02(085)
|v 3
|
| 801 |
|
1 |
|a RU
|b 63413507
|c 20070605
|g PSBO
|
| 801 |
|
2 |
|a RU
|b 63413507
|c 20150911
|g RCR
|
| 942 |
|
|
|c BK
|